| 000 | 00477nam a22001817a 4500 | ||
|---|---|---|---|
| 003 | CEME | ||
| 005 | 20210628201647.0 | ||
| 008 | 210201b xxu||||| |||| 00| 0 eng d | ||
| 020 | _a0-671-01727-6 | ||
| 040 | _c. | ||
| 082 | _a823.008 SPE | ||
| 100 |
_aSperegen, Devra Bewberger _956224 |
||
| 245 | _aFull house stephanie:to cheat or not to cheat | ||
| 260 |
_aNEW YORK _bHODDER _c1998 |
||
| 300 | _a137P | ||
| 650 |
_aENGLISH LITERATURE-FICTION _956225 |
||
| 942 |
_cBK _2ddc |
||
| 999 |
_c566711 _d566711 |
||